000 00411nam a2200145Ia 4500
008 100204s9999 xx 000 0 und d
082 _b9462
100 _aवर्दे मोहिनी
245 _aटीझर
260 _b"डिंंंंप्ंाल पब्लिकेशन, वसई"
_c1987
300 _a112
630 _aटीझर
730 _aटीझर
942 _cBOOK
999 _c453898
_d453895